Návrh riešenia na zlepšenie riadenia projektov v podniku Slovenské elektrárne, a.s., Atómové elektrárne Mochovce, odštepný závod, s využitím nástrojov umelej inteligencie a agilných prístupov
Uložené v:
| Hlavný autor: | |
|---|---|
| Ďalší autori: | |
| Médium: | Rukopis Kniha |
| Jazyk: | Slovak |
| Vydavateľské údaje: |
2023
|
| Predmet: | |
| On-line prístup: | http://is.stuba.sk/zp/portal_zp.pl?podrobnosti=170999 |
| Tagy: |
Žiadne tagy, Buďte prvý, kto otaguje tento záznam!
|
MARC
| LEADER | 00000ntm a22000003a 4500 | ||
|---|---|---|---|
| 001 | stuzp93581 | ||
| 003 | SK-STU | ||
| 005 | 20230909215506.1 | ||
| 007 | ta | ||
| 008 | 150427s2015----xo-----f-mn---000-0-slo-d | ||
| 040 | |a STU |b slo | ||
| 041 | 0 | |a slo | |
| 100 | 1 | |a Puk, Nikolas |u 064000 |4 aut |U MTF Materiálovotechnologická fakulta |T MTF Ústav priemyselného inžinierstva a manažmentu |X 85438 |U M4000 |Y 84 |7 85438 | |
| 242 | 0 | 1 | |a Proposal of a solution to improve the management of projects in the company Slovenské elektrárne, a.s., Atómové elektrárne Mochovce, odštepný závod with the use of artificial intelligence tools and agile approaches |y eng |
| 245 | 1 | 0 | |a Návrh riešenia na zlepšenie riadenia projektov v podniku Slovenské elektrárne, a.s., Atómové elektrárne Mochovce, odštepný závod, s využitím nástrojov umelej inteligencie a agilných prístupov |
| 260 | |c 2023 | ||
| 650 | 4 | |a umelá inteligencia |2 slo | |
| 650 | 4 | |a projektové riadenie |2 slo | |
| 650 | 4 | |a implementovanie |2 slo | |
| 650 | 4 | |a agilné prístupy |2 slo | |
| 650 | 4 | |a artificial intelligence |2 eng | |
| 650 | 4 | |a project management |2 eng | |
| 650 | 4 | |a implementation |2 eng | |
| 650 | 4 | |a agile approaches |2 eng | |
| 700 | 1 | |a Samáková, Jana |u 064000 |k Z1 |4 ths |U MTF Materiálovotechnologická fakulta |T MTF Ústav priemyselného inžinierstva a manažmentu |X 33101 |U M4000 |Y 84 |7 A000033101 | |
| 856 | 4 | |u http://is.stuba.sk/zp/portal_zp.pl?podrobnosti=170999 | |
| 996 | |c M* DP-15226 |l MMSKP |s P |a 0 |w stuzp93581_0001 | ||